Joueurs du XV de France de Rugby - Statistiques

Statistiques générales
  • Ce quiz a été pris 1 084 fois
  • Le résultat moyen est 8 sur 10
Answers on the Grid
Answers color-coded by a green-red scale on the quiz's grid according to % correct below.
Romain Ntamack
Uini Atonio
Gregory Alldritt
Sipili Falatea
Nicolas Depoortere
Thomas Ramos
Peato Mauvaka
Reda Wardi
Yoram Moefana
Theo Attissogbe
Semi Radradra
George Martin
Ange Capuozzo
Bundee Aki
Thomas Du Toit
Patrick Tuipolotu
Bautista Delguy
Takuro Matsunaga
 
Statistiques - réponses
Réponse % Correct
Thomas Ramos
89%
Romain Ntamack
88%
Yoram Moefana
88%
Gregory Alldritt
87%
Peato Mauvaka
85%
Uini Atonio
84%
Nicolas Depoortere
80%
Theo Attissogbe
76%
Reda Wardi
72%
Sipili Falatea
59%
Aucun quiz correspondant
Distribution des résultats
% des personnes avec chaque résultat
Percentile par nombre de réponses
Votre historique - résultats
Vous n’avez pas pris ce quiz